<?xml version="1.0" encoding="UTF-8"?>
<marc:record xmlns:marc="http://www.loc.gov/MARC21/slim">
   <marc:leader>00000nam a2200000 a 4500</marc:leader>
   <marc:datafield ind1="1" ind2=" " tag="100">
      <marc:subfield code="a">Petzold, Christian [Regie]</marc:subfield>
      <marc:subfield code="4">aut</marc:subfield>
      <marc:subfield code="e">Verfasser/-in</marc:subfield>
   </marc:datafield>
   <marc:datafield ind1="1" ind2=" " tag="100">
      <marc:subfield code="a">Beer, Paula</marc:subfield>
   </marc:datafield>
   <marc:datafield ind1=" " ind2=" " tag="653">
      <marc:subfield code="a">Flucht</marc:subfield>
   </marc:datafield>
   <marc:datafield ind1=" " ind2=" " tag="653">
      <marc:subfield code="a">Drama</marc:subfield>
   </marc:datafield>
   <marc:datafield ind1=" " ind2=" " tag="653">
      <marc:subfield code="a">Marseille</marc:subfield>
   </marc:datafield>
   <marc:datafield ind1=" " ind2=" " tag="653">
      <marc:subfield code="a">Exil</marc:subfield>
   </marc:datafield>
   <marc:datafield ind1="0" ind2="0" tag="245">
      <marc:subfield code="a">Transit [Bildtonträger]</marc:subfield>
   </marc:datafield>
   <marc:datafield ind1="0" ind2="0" tag="245">
      <marc:subfield code="b">frei nach dem Roman von Anna Seghers</marc:subfield>
   </marc:datafield>
   <marc:datafield ind1="0" ind2="0" tag="245">
      <marc:subfield code="c">Ein Film von Christian Petzold. Mit Franz Rogowski, Paula Beer, Godehard Giese ...</marc:subfield>
   </marc:datafield>
   <marc:datafield ind1=" " ind2="1" tag="264">
      <marc:subfield code="b">EuroVideo</marc:subfield>
      <marc:subfield code="c">2018</marc:subfield>
   </marc:datafield>
   <marc:datafield ind1="1" ind2=" " tag="520">
      <marc:subfield code="a">Die deutschen Truppen stehen vor Paris. Georg, deutscher Flüchtling, entkommt im letzten Moment nach Marseille. Im Gepäck hat er die Hinterlassenschaft des Schriftstellers Weidel, der sich das Leben genommen hat: Ein Manuskript, Briefe, die Zusicherung eines Visums durch die mexikanische Botschaft. In Marseille darf nur bleiben, wer beweisen kann, dass er gehen wird. Georg (Franz Rogowski) erinnert sich der Papiere Weidels und nimmt dessen Identität an. Er taucht ein in die ungefähre Existenz des Transits. Alles verändert sich, als Georg die geheimnisvolle Marie (Paula Beer) trifft und sich in sie verliebt. Ist es Hingabe oder Berechnung, die sie ihr Leben vor der Weiterreise mit dem Arzt Richard teilen lässt, während sie gleichzeitig auf der Suche nach ihrem Mann ist? Der, so erzählt man, sei in Marseille aufgetaucht, in Besitz eines mexikanischen Visums für sich und seine Frau.</marc:subfield>
   </marc:datafield>
   <marc:datafield ind1=" " ind2=" " tag="020">
      <marc:subfield code="a">? 14,30</marc:subfield>
      <marc:subfield code="9">? 14,30</marc:subfield>
   </marc:datafield>
   <marc:datafield ind1=" " ind2=" " tag="041">
      <marc:subfield code="a">ger</marc:subfield>
   </marc:datafield>
   <marc:datafield ind1="0" ind2=" " tag="490">
      <marc:subfield code="v">0</marc:subfield>
   </marc:datafield>
   <marc:datafield ind1=" " ind2=" " tag="300">
      <marc:subfield code="a">98' : 1 DVD</marc:subfield>
   </marc:datafield>
</marc:record>
